| 000 | 01230nam a2200121Ia 4500 | ||
|---|---|---|---|
| 008 | 220216s9999 xx 000 0 und d | ||
| 100 | _aMohd. Shukari Midon | ||
| 245 | 0 | _aPhysical and mechanical properties of rubberwood | |
| 260 |
_bRubberwood Processing and Utilization, Malaysia, 1994; p27-36 _c1994 |
||
| 520 | _aRubberwood has mechanical strength properties comparble to those of some popular local furniture timbers such as dark red meranti, light red meranti, sepetir, nyatoh and remain. Though the overall strength propeties are comparable, the bending strength under static loads of rubberwood is slightly inferior to that of the other popular local furniture timbers. Under compressive load parallel to grain, rubberwood is also slightly inferior. However, in compression perpendicular to grain, it is stronger than dark red meranti and light red meranti. This is also true in the case of the hardness of the timbers. Rubberwood also has higher shear strengths than those of the meranti and ramin. Rubberwood, however, is weaker than nyatoh and sepetir in all strength properties. According to the strength grouping of Malaysian timbers rubberwood falls under the strength group C. | ||
| 650 | _aRubberwood | ||
| 942 | _cBO | ||
| 999 |
_c48069 _d48069 |
||